Normal view
MARC view
Entry Personal Name
001 - CONTROL NUMBER
- control field: 13413
003 - CONTROL NUMBER IDENTIFIER
- control field: BD-RjUL
005 - DATE AND TIME OF LATEST TRANSACTION
- control field: 20240701103142.0
008 - FIXED-LENGTH DATA ELEMENTS
- fixed length control field: 240701|| aca||aabn | a|a d
040 ## - CATALOGING SOURCE
- Original cataloging agency: BD-RjUL
- Transcribing agency: BD-RjUL
100 ## - HEADING--PERSONAL NAME
- Personal name: Khan, Md. Shamsul Iqbal
670 ## - SOURCE DATA FOUND
- Source citation: Work cat.: (BD-RjUL)83946: Khan, Md. Shamsul Iqbal, Fisheries Status and Ecobiology of the Rivers of Kushtia /, 2005